My life story: autobiography of T. C. Khandwala. (Record no. 79925)

MARC details
000 -LEADER
fixed length control field 00555cam a22002051 4500
001 - CONTROL NUMBER
control field sa 68004018
003 - CONTROL NUMBER IDENTIFIER
control field DLC
005 - DATE AND TIME OF LATEST TRANSACTION
control field 20260227112458.0
008 - FIXED-LENGTH DATA ELEMENTS--GENERAL INFORMATION
fixed length control field 711020s1941 ii c 000 0aeng
010 ## - LIBRARY OF CONGRESS CONTROL NUMBER
LC control number sa 68004018
040 ## - CATALOGING SOURCE
Original cataloging agency DLC
Transcribing agency DLC
Modifying agency DLC
050 00 - LIBRARY OF CONGRESS CALL NUMBER
Classification number CT1508.K45
Item number A3
100 1# - MAIN ENTRY--PERSONAL NAME
Personal name Khandwala, T. C.
245 10 - TITLE STATEMENT
Title My life story: autobiography of T. C. Khandwala.
260 ## - PUBLICATION, DISTRIBUTION, ETC.
Place of publication, distribution, etc. [Bombay,
Name of publisher, distributor, etc. V. S. Sohoni,
Date of publication, distribution, etc. 1941]
300 ## - PHYSICAL DESCRIPTION
Extent x, 308 p.
Other physical details ports.
Dimensions 19 cm.
600 10 - SUBJECT ADDED ENTRY--PERSONAL NAME
Personal name Khandwala, T. C.
600 10 - SUBJECT ADDED ENTRY--PERSONAL NAME
Personal name Khandwala, T. C.
651 #0 - SUBJECT ADDED ENTRY--GEOGRAPHIC NAME
Geographic name India
General subdivision Biography.

No items available.

Powered by Koha